00475nam a2200157Ia 450000500170000000800410001702000110005804000190006904100120008808200160010024501180011626000360023430000160027070000210028685000100030720230405114023.0131103s9999 xx 000 0 und d cRs.125 aLoreto College aEnglish a823.08bASI 4aThe mammoth book of golden ageb science fiction cedited by Isaac Asimov,Charles G.Waugh and Martin H.Greenberge aBombaybJaico Publicationc1991 a[5],504 p.  aAsimov,Isaac,ed. aLCLIB